Luật tố tung hành chính (hiện hành) (sửa đổi, bổ sung năm 2019)

Quyển sách Luật Tố tụng hành chính (hiện hành) (sửa đổi, bổ sung năm 2019) gồm 23 chương, 372 điều, quy định về những nguyên tắc cơ bản trong tố tụng hành chính; nhiệm vụ, quyền hạn và trách nhiệm của cơ quan tiến hành tố tụng, người tiê...

Fuld beskrivelse

Đã lưu trong:
Bibliografiske detaljer
Format: Bog
Sprog:Vietnamese
Udgivet: H. Chính trị Quốc gia 2021
Fag:
Tags: Tilføj Tag
Ingen Tags, Vær først til at tagge denne postø!
Thư viện lưu trữ: Thư viện Trường Đại học Nam Cần Thơ
LEADER 01441nam a22001817a 4500
001 NCT_151412
008 230606b xxu||||| |||| 00| 0 vie d
999 |c 7830  |d 7830 
020 |a 9786045765463  |c 68000 
082 0 4 |2 23rd ed.  |a 342.597066  |b L504T 
245 0 0 |a Luật tố tung hành chính (hiện hành) (sửa đổi, bổ sung năm 2019) 
260 |a H.  |b Chính trị Quốc gia  |c 2021 
300 |a 348 tr.  |c 19cm 
520 3 |a Quyển sách Luật Tố tụng hành chính (hiện hành) (sửa đổi, bổ sung năm 2019) gồm 23 chương, 372 điều, quy định về những nguyên tắc cơ bản trong tố tụng hành chính; nhiệm vụ, quyền hạn và trách nhiệm của cơ quan tiến hành tố tụng, người tiến hành tố tụng; quyền và nghĩa vụ của người tham gia tố tụng, cơ quan, tổ chức, cá nhân có liên quan; trình tự, thủ tục khởi kiện, giải quyết vụ án hành chính, thi hành án hành chính và giải quyết khiếu nại, tố cáo trong tố tụng hành chính. 
653 |a Luật học 
942 |2 ddc  |c BK 
952 |0 0  |1 0  |2 ddc  |4 0  |6 342_597066000000000_L504T  |7 0  |9 27819  |a 000001  |b 000001  |d 2023-06-06  |o 342.597066 L504T  |p MD.21871  |r 2023-06-06  |v 68000.00  |w 2023-06-06  |y BK 
980 |a Thư viện Trường Đại học Nam Cần Thơ